01370nam a2200265 a 4500001001000000003000900010005001700019006001900036007000300055008004100058040003000099082001300129100001800142240001500160245011900175264007800294300002700372336002700399337003300426338002800459505054600487700001901033700001901052700003301071000029064DO-SdBNP20240207123130.0a||||gr|||| 00| 0 ta110413b19uu dr r 000 0 spa d aDO-SdBNPbspacBNPHUerda 4222bK17r1 aKaplaneautor10aleyes, etc10aResumen de la legislación dominicana para la inversión extranjera /cKaplan, Russin, Vecchi & Heredia Bonetti. aSanto Domingo :bAsociación de Pequeñas y Medianas Empresas,c[199?]. a43 páginas ;c21 cm. 2rdacontentatextobtxt 2rdamediaasin mediaciónbn 2rdacarrieravolumenbnc aI. Las Zonas Francas en la República Dominicana: Beneficios para el inversionista extranjero.--tII. Ley No. 861: Ley de Inversión Extanjera de la República Dominicana.--tIII. Ley No. 69: Ley de Promoción de Exportaciones de la República Dominicana.--tIV. Ley No. 173: Ley de Protección a los Agentes Importadores de Mercancías.--tVI. Legislación Laboral en la República Dominicana.--tVII. Adquisición de Bienes Inmuebles por Extranjeros en la República Dominicana.--tVIII. La Iniciativa para la Cuenca del Caribe.1 aRussin,eautor1 aVecchi,eautor1 aHeredia Bonetti, Luiseautor